| 000 | 00540nam a22001817a 4500 | ||
|---|---|---|---|
| 005 | 20221219170618.0 | ||
| 008 | 221219b ||||| |||| 00| 0 eng d | ||
| 040 | _cAL | ||
| 041 | _aEnglish | ||
| 082 |
_223 _a297.1 _bBAGE |
||
| 100 |
_aMohammad Mehdi Baghi _966816 |
||
| 245 | _aEnlightening Commentary into the Light of the Holy Quran | ||
| 260 |
_bthe scientific and religious research center _c1998 |
||
| 300 |
_a575 p. _bHB _c23x17 cm. |
||
| 650 |
_aHoly Quran _966817 |
||
| 700 |
_aBAGHI (Mohammad Mehdi) _966818 |
||
| 942 |
_2ddc _cDB |
||
| 999 |
_c225936 _d225936 |
||